LEADER 01215nam0-22003851i-450- 001 990000122270403321 005 20111107174139.0 010 $a88-7075-400-6 035 $a000012227 035 $aFED01000012227 035 $a(Aleph)000012227FED01 035 $a000012227 100 $a20111107d1994----km-y0itay50------ba 101 0 $aita 102 $aIT 105 $ay-------001yy 200 1 $a<>deposito legale nell'Europa comunitaria$d= Legal deposit thoughout the European communities$fGiuseppe Vitiello 210 $aMilano$cEditrice bibliografica$d1994 215 $aXVII, 152 p.$d24 cm 225 1 $aBibliografia e biblioteconomia 510 1 $aLegal deposit thoughout the European communities 610 0 $aDeposito obbligatorio degli stampati 676 $a025.26$v11 rid.$zita 700 1$aVitiello,$bGiuseppe$f<1955- ;$cbibliotecario>$07942 801 0$aIT$bUNINA$gRICA$2UNIMARC 901 $aBK 912 $a990000122270403321 952 $aVI L 937$b3923$fDDA 952 $a13 U 05 21$b7867$fFINBC 952 $aXXX COD. 734$b23740$fFSPBC 959 $aFINBC 959 $aDDA 959 $aFSPBC 996 $aDeposito legale nell'Europa comunitaria$972405 997 $aUNINA LEADER 01264nam0 22003373i 450 001 SBL0565876 005 20231121125827.0 100 $a20030624d1975 ||||0itac50 ba 101 | $aita 102 $ait 181 1$6z01$ai $bxxxe 182 1$6z01$an 200 1 $aEducazione in età adulta$fFilippo M. De Sanctis 210 $aFirenze$cLa nuova Italia$d1975 215 $aXXIII, 302 p.$d21 cm. 225 | $aEducatori antichi e moderni$v319 410 0$1001CFI0000088$12001 $aEducatori antichi e moderni$v319 606 $aEducazione$2FIR$3RMLC004001$9I 606 $aEducazione degli adulti$2FIR$3RMLC014901$9I 676 $a371$9EDUCAZIONE. GENERALITA$v21 676 $a374$9$v21 700 1$aDe Sanctis$b, Filippo Maria$3CFIV026624$4070$0142115 801 3$aIT$bIT-01$c20030624 850 $aIT-FR0084 $aIT-FR0017 899 $aBiblioteca Del Monumento Nazionale Di Montecassino$bFR0084 899 $aBiblioteca umanistica Giorgio Aprea$bFR0017 $eN 912 $aSBL0565876 950 0$aBiblioteca umanistica Giorgio Aprea$d 52MAG 1/2231$e 52MAG0000046895 VMB RS $fA $h20181204$i20181204 977 $a 25$a 52 996 $aEducazione in età adulta$9859516 997 $aUNICAS